<?xml version="1.0" encoding="UTF-8"?>
<record
    xmlns:xsi="http://www.w3.org/2001/XMLSchema-instance"
    xsi:schemaLocation="http://www.loc.gov/MARC21/slim http://www.loc.gov/standards/marcxml/schema/MARC21slim.xsd"
    xmlns="http://www.loc.gov/MARC21/slim">

  <leader>00864nam a2200229 i 4500</leader>
  <controlfield tag="001">186522</controlfield>
  <controlfield tag="003">SpMaBN</controlfield>
  <controlfield tag="005">20240209063125.0</controlfield>
  <controlfield tag="008">161122s2002    sp           |||| | spa d</controlfield>
  <datafield tag="020" ind1=" " ind2=" ">
    <subfield code="a">84-451-2244-4</subfield>
  </datafield>
  <datafield tag="080" ind1=" " ind2=" ">
    <subfield code="a">821.134.2-23"19"</subfield>
  </datafield>
  <datafield tag="100" ind1="1" ind2=" ">
    <subfield code="a">Falc&#xF3;n, Lidia,</subfield>
    <subfield code="d">1935-</subfield>
    <subfield code="9">48707</subfield>
  </datafield>
  <datafield tag="245" ind1="1" ind2="1">
    <subfield code="a">&#xA1;Vamos a por todas! </subfield>
    <subfield code="b">: tragicomedia en dos partes y once cuadros /</subfield>
    <subfield code="c">Lidia Falc&#xF3;n O'Neill.</subfield>
  </datafield>
  <datafield tag="250" ind1=" " ind2=" ">
    <subfield code="a">1&#xAA; ed.</subfield>
  </datafield>
  <datafield tag="260" ind1=" " ind2=" ">
    <subfield code="a">[Madrid] : </subfield>
    <subfield code="b">Asociaci&#xF3;n de Autores de Teatro : </subfield>
    <subfield code="b">Consejer&#xED;a de las Artes de la Comunidad de Madrid, </subfield>
    <subfield code="c">[2002]</subfield>
  </datafield>
  <datafield tag="300" ind1=" " ind2=" ">
    <subfield code="a">102 p. ; </subfield>
    <subfield code="c">22 cm.</subfield>
  </datafield>
  <datafield tag="490" ind1="1" ind2=" ">
    <subfield code="a">Damos la palabra. </subfield>
    <subfield code="a">Textos ; </subfield>
    <subfield code="v">23</subfield>
  </datafield>
  <datafield tag="710" ind1="2" ind2=" ">
    <subfield code="a">Asociaci&#xF3;n de Autores de Teatro.</subfield>
    <subfield code="9">1565</subfield>
  </datafield>
  <datafield tag="830" ind1="0" ind2=" ">
    <subfield code="a">Damos la palabra. </subfield>
    <subfield code="a">Textos ; </subfield>
    <subfield code="v">23</subfield>
    <subfield code="9">180281</subfield>
  </datafield>
  <datafield tag="852" ind1=" " ind2=" ">
    <subfield code="a">ES-MaACL</subfield>
    <subfield code="j">L-30866 </subfield>
    <subfield code="z">. - Dedicatoria aut&#xF3;grafa de la autora</subfield>
  </datafield>
  <datafield tag="999" ind1=" " ind2=" ">
    <subfield code="c">186522</subfield>
    <subfield code="d">186522</subfield>
  </datafield>
  <datafield tag="952" ind1=" " ind2=" ">
    <subfield code="0">0</subfield>
    <subfield code="1">0</subfield>
    <subfield code="2">udc</subfield>
    <subfield code="4">0</subfield>
    <subfield code="7">0</subfield>
    <subfield code="8">Librosdedicados</subfield>
    <subfield code="a">ATENEOM</subfield>
    <subfield code="b">ATENEOM</subfield>
    <subfield code="c">DEPO2</subfield>
    <subfield code="d">2016-11-22</subfield>
    <subfield code="l">0</subfield>
    <subfield code="o">L-30866</subfield>
    <subfield code="p">1196689</subfield>
    <subfield code="r">2023-02-23 00:00:00</subfield>
    <subfield code="w">2023-02-23</subfield>
    <subfield code="y">MONOGRAFIA</subfield>
    <subfield code="z">Dedicatoria aut&#xF3;grafa del autor</subfield>
  </datafield>
</record>
